000 00718na a2200265 4500
001 14171
003 MIRAKIL
005 20181213154952.0
008 161031b tu 000 0
020 _a9758971727
035 _a14171
040 _aMilas
_btur
_cTR-AnCHP
041 _atur
082 _a813.42
_bŞ33i 2012
090 _a813.42 Ş33i 2012
100 _aŞehsuvaroğlu, Lütfü
245 _a2024
_bArmada üçlüsü
_cLütfü Şehsuvaroğlu
246 _aArmada üçlüsü
_bArmada Üçlüsü
260 _aAnkara
_bElips Kitapları
_c2012
300 _a353 s.
_c19 sm.
490 _aElips Kitapları
_v301
650 _aTürkçe roman
650 _aTürk edebiyatı
_xRoman
942 _2ddc
_cBKS
999 _c4071
_d4071